MARC

LEADER 00000nas a2200000 a 4500
001 ssj0006142
003 WaSeSS
005 20200512172242.0
006 m d
007 cr n
008 050614c19849999miumn p s 0 a0eng
010 |a  2013201504 
022 |a 2328-1006  |y 0891-9976 
035 |a (WaSeSS)ssj0006142 
040 |a OCLCS  |b eng  |c OCLCS  |d OCLCQ  |d B3G  |d OCLCQ  |d DLC  |d OCLCF  |d OCLCO  |d OCLCQ  |d ZAC  |d WaSeSS 
042 |a pcc  |a nsdp 
050 4 |a TH7121  |b .E54 
082 0 4 |a 697/.005  |2 20 
130 0 |a Engineered systems (Online) 
210 0 |a Eng. syst.  |b (Online) 
222 0 |a Engineered systems  |b (Online) 
245 1 0 |a Engineered systems  |h [electronic resource]. 
246 1 |a ES 
246 1 |a Engineered systems magazine 
260 |a [Troy, MI] :  |b Business News Pub. Co. 
310 |a Monthly (except Jan./Feb., July/Aug., Nov./Dec.),  |b 1991- 
321 |a Bimonthly,  |b <1985>-1990 
362 1 |a Print began with v. 1, no. 1 (May 1984). 
506 |a License restrictions may limit access. 
515 |a Vol. 1, no. 1 also called: Pt. 2. 
538 |a Mode of access: World Wide Web. 
588 |a Description based on print version record. 
588 |a Latest issue consulted: Vol. 30, no. 3 (April 2013); title from banner (journal homepage, viewed Apr. 10, 2013). 
650 0 |a Industrial buildings  |x Heating and ventilation  |v Periodicals. 
650 0 |a Industrial buildings  |x Air conditioning  |v Periodicals. 
650 0 |a Refrigeration and refrigerating machinery  |v Periodicals. 
650 7 |a Industrial buildings  |x Air conditioning.  |2 fast  |0 (OCoLC)fst00970854 
650 7 |a Industrial buildings  |x Heating and ventilation.  |2 fast  |0 (OCoLC)fst00970877 
650 7 |a Refrigeration and refrigerating machinery.  |2 fast  |0 (OCoLC)fst01092714 
655 0 |a Electronic journals. 
772 0 |t Air conditioning, heating & refrigeration news  |g May 1984 
776 0 8 |i Print version:  |t Engineered systems  |x 0891-9976  |w (DLC) 91650379  |w (OCoLC)11080933 
856 4 0 |z Full text available from Research Library: 02/01/1998 to present  |u https://search.proquest.com/publication/36095